Finančná analýza - základ finančného rozhodovania

Chápanie finančnej analýzy ako jednej z funkcií riadenia, ktorá by mala predchádzať každému závažnejšiemu finančnému rozhodovaniu. Teoretický a praktický príklad vychádzajúci zo skúseností s hodnotením finančnej situácie v strojárskom podniku. Sústava ukazovateľov hodnotenia finančnej situácie podni...

ver descrição completa

Na minha lista:
Detalhes bibliográficos
Autor principal: Jakubcová, E.
Outros Autores: Janeková, J.
Formato: Capítulo de Livro
Idioma:eslovaco
Assuntos:
Tags: Adicionar Tag
Sem tags, seja o primeiro a adicionar uma tag!

MARC

LEADER 00000naa a2200000 4500
001 r022028
005 20230922083931.6
041 0 |a slo 
044 |a CZ 
245 1 0 |a Finančná analýza - základ finančného rozhodovania  |c E. Jakubcová, J. Janeková 
520 |a Chápanie finančnej analýzy ako jednej z funkcií riadenia, ktorá by mala predchádzať každému závažnejšiemu finančnému rozhodovaniu. Teoretický a praktický príklad vychádzajúci zo skúseností s hodnotením finančnej situácie v strojárskom podniku. Sústava ukazovateľov hodnotenia finančnej situácie podniku. Metodika analýzy. Syntetizácia získaných poznatkov. 
610 2 0 |a analýza finančná 
610 2 0 |a metodika 
610 2 0 |a podnik strojársky 
610 2 0 |a ukazovatele finančné 
610 2 0 |a manažment finančný 
610 2 0 |a ukazovatele ekonomické 
610 2 0 |a rozhodovanie finančné 
100 1 |a Jakubcová, E. 
700 1 |a Janeková, J.